| 000 | 02406nam0a2200373 4500 | ||
|---|---|---|---|
| 001 | RU\NLR\bibl\832721 | ||
| 005 | 20260407145445.0 | ||
| 021 |
_aRU _b2005-20057 _91021 |
||
| 035 | _aRSL-KNO-002594301 | ||
| 035 | _a(NLR Aleph) 000821582 | ||
| 090 |
_a1304557 _c1304557 |
||
| 100 | _a20050421d2004 |||y0rusy50 ca | ||
| 101 | 0 | _arus | |
| 102 | _aRU | ||
| 105 | _ay ||||||||| | ||
| 106 | _ar | ||
| 200 | 1 |
_aВозьмемся за руки, друзья... _eлит.-художеств. альм. _eстихи и проза преподавателей, студентов и выпускников Комсом.-на-Амуре гос. пед. ун-та _fКомсом.-на-Амуре гос. пед. ун-т _g[отв. ред. и сост.: Фомина А.Н.] |
|
| 210 |
_aКомсомольск-на-Амуре _cИзд-во Комсом.-на-Амуре гос. пед. ун-та _d2004 |
||
| 215 |
_a366, [1] с. _d21 |
||
| 300 | _aПосвящается 50-летию Комсом.-на-Амуре гос. пед. ун-та | ||
| 327 | 0 | _aСодерж.: Авт.: Виноградов А.Ф., Лившиц Р.Л., Геннадий Толмачев, Геннадий Козлов, Михаил Шавгаров, Ольга Рассказова, Татьяна Шамрай, Валерий Левченко, Олег Клепиков, Константин Финкельсон [и др.] | |
| 610 | 0 | _aФилологические науки. Художественная литература -- Российская Федерация -- Русская литература -- с сер. 50-х гг. 20 в. -- Произведения художественной литературы -- Произведения участников литературной самодеятельности | |
| 686 |
_aШ5(2=Р)75-698 _2rubbk |
||
| 686 | _aШ6(2=Р)75-999 | ||
| 686 | _aШ6(2=Р)75-97 | ||
| 702 | 1 |
_4220 _7ca _8rus _aФомина _bА. Н. _cфилолог _gАлла Николаевна _911075 _3RU\NLR\auth\7728044 |
|
| 712 | 0 | 2 |
_4570 _aКомсомольский-на-Амуре государственный педагогический университет _9541504 _3RU\NLR\AUTH\8810021814 |
| 801 | 0 |
_aRU _bRuMoRKP _c20050421 _grcr |
|
| 801 | 1 |
_aRU _bRuMoRGB _c20050421 |
|
| 801 | 2 |
_aRU _bNLR _c20050819 _grcr |
|
| 942 | _cBOOK | ||
| 980 | _aNB | ||